000 01925nam a2200409 i 4500
001 11383
003 ES-MaACL
005 20250803063027.0
007 t|
008 920519s1992 sp ||||0| spa j
017 _aM 9194-1992
_bOficina Depósito Legal Madrid
020 _a84-7100-317-1
040 _aM-BN
_bspa
_cM-BN
080 _a308(460.35)"13/14"
080 _a338.1(460.35)"13/14"
100 1 _aLadero Quesada, Miguel Ángel,
_d1943-
_eaut
_9159216
245 1 0 _aAndalucía en torno a 1492 :
_bestructuras, valores, sucesos /
_cMiguel Ángel Ladero Quesada
260 _aMadrid :
_bMAPFRE,
_c[1992]
300 _a343 páginas :
_bmapas ;
_c23 cm
490 1 _aColección Relaciones entre España y América
_v2
_9179037
490 1 _aColecciones MAPFRE 1492
_9241455
500 _aÍndices
504 _aBibliografía: páginas 311-330
505 0 _aLas dimensiones territoriales y humanas; La tierra y las actividades agrarias; Ciudades, manufacturas y comercio; Repoblación y frontera; El predominio de las aristocracias; Grupos sociales rurales y urbanos; La organización eclesiástica; Religiosidad y cultura; La organización del poder político; Conquista y colonización: la renovación de la herencia medieval
530 _aDisponible en formato digital
651 7 _aAndalucía-
_xSituación social-
_yS.V-XV
_9167704
651 4 _aAndalucía-
_xSituación económica-
_yS.V-XV
_9167705
710 2 _aFundación MAPFRE América
_eisb
_94363
710 2 _aFundación MAPFRE
_eedt
_94362
830 0 _aColección Relaciones entre España y América
_v2
_9179037
830 0 _aColecciones MAPFRE 1492
_9241455
852 _aES-MaACL
_cDEPO2
_jL-18707
856 _uhttps://archive.org/details/ladero-m.-a.-andalucia-en-torno-a-1492-1992
_yVersión en línea
_z(Internet Archive)
942 _2udc
_cMONOGRAFIA
_n0
999 _c11383
_d11383